L'Histoire par lettre - A - Statistiques

Statistiques générales
  • Ce quiz a été pris 450 fois
  • Le résultat moyen est 7 sur 10
Statistiques - réponses
Indices Réponses % Correct
Pays d'origine d'Adolf Hitler Autriche
98%
_____ le Grand Alexandre
97%
Philosophe né en -384 Aristote
92%
Ce pays était, entre 1848 et 1962, considéré comme étant trois départements français Algérie
74%
Ce pays africain avait une population de 5 millions d'habitants en 1955 Angola
73%
Alliance #2 lors de la Seconde Guerre Mondiale Axe
73%
Alliance #1 lors de la Seconde Guerre Mondiale Alliés
70%
Empereur romain entre -63 et -14 Auguste
66%
Capitale de la France entre 790 et 843, aujourd'hui ville allemande Aix-la-Chapelle
58%
Ce pays a vu le jour lors de l'établissement d'un camp pénitentiaire sur son sol par les Britanniques Australie
45%
Aucun quiz correspondant
Distribution des résultats
% des personnes avec chaque résultat
Percentile par nombre de réponses
Votre historique - résultats
Vous n’avez pas pris ce quiz